Propuesta técnico-financiera de alternativa tecnológica para la producción de alcohol anhidro a partir de etanol rectificado en la Fabrica Nacional de Licores (FANAL)
Tallennettuna:
| Päätekijä: | |
|---|---|
| Muut tekijät: | |
| Aineistotyyppi: | Kirja |
| Kieli: | Spanish |
| Julkaistu: |
San José, Costa Rica
2018
|
| Aiheet: | |
| Tagit: |
Lisää tagi
Ei tageja, Lisää ensimmäinen tagi!
|
MARC
| LEADER | 00000nam a22000007a 4500 | ||
|---|---|---|---|
| 003 | 012938 | ||
| 005 | 20231004134856.0 | ||
| 008 | 181029b2018 cr a|||| m||| 00| ||spa d | ||
| 040 | |c cru CEDI | ||
| 090 | |a TFG 8089 | ||
| 100 | |9 1697 |a Novo Rojas, Luis Felipe, 1992- | ||
| 245 | |a Propuesta técnico-financiera de alternativa tecnológica para la producción de alcohol anhidro a partir de etanol rectificado en la Fabrica Nacional de Licores (FANAL) | ||
| 260 | |a San José, Costa Rica |c 2018 | ||
| 300 | |a xvi, 129,[8]hojas :ilustraciones a color | ||
| 500 | |a Proyecto de graduación(licenciatura en ingeniería química)--Universidad de Costa Rica. Facultad de Ingeniería. Escuela de Ingeniería Química | ||
| 501 | |a Director de Proyecto de Graduación: Ing. Esteban Richmond Salazar, Lic. | ||
| 610 | 0 | |9 1698 |a FABRICA NACIONAL DE LICORES (COSTA RICA) | |
| 650 | |x PERVAPORACION |x ALCOHOL - PRODUCCION - COSTA RICA |x DESTILACION - INNOVACIONES TECNOLOGICAS |9 14415 | ||
| 700 | |9 22 |a Richmond Salazar Esteban, 1979- |d Director del TFG | ||
| 942 | |c CEDI |h TFG 8089 |i 012938 |6 TFG_8089_012938000000000 | ||
| 999 | |c 21043 |d 21043 | ||
